6 Largest cities in Ghana - Statistics

General Stats
  • This quiz has been taken 250 times
    249 since last reset
  • The average score is 3 of 6
Answer Stats
Population Answer % Correct
2,291,352 Accra
100%
2,069,350 Kumasi
86%
562,919 Tamale
54%
227,269 Cape Coast
40%
445,205 Sekondi-Takoradi
19%
248,496 Sunyani
15%
No matching quizzes found
Score Distribution
Percent of People with Each Score
Percentile by Number Answered
Your Score History
You have not taken this quiz since the last reset